MARC

LEADER 00000nam0a2200000 4500
001 363528
005 20231102011610.0
035 |a (RuTPU)RU\TPU\retro\20875 
090 |a 363528 
100 |a 20211004d1980 km y0rusy50 ca 
101 0 |a rus 
102 |a RU 
105 |a a z 001zy 
200 1 |a Методы изучения состава и свойств минералов и горных пород Кольского полуострова  |f Академия наук Грузинской ССР, Геологический институт ; под ред. И. В. Белькова 
210 |a Апатиты  |c Изд-во Геологического ин-та  |d 1980 
215 |a 136 с.  |c ил. 
320 |a Библиогр. в конце ст. 
606 1 |a Горные породы  |x Структура  |2 stltpush  |3 (RuTPU)RU\TPU\subj\8067  |9 35559 
606 1 |a Минералогические исследования  |2 stltpush  |3 (RuTPU)RU\TPU\subj\72209  |9 85779 
610 1 |a состав 
610 1 |a свойства 
610 1 |a Кольский полуостров 
610 1 |a анализ 
610 1 |a полярографические методы 
610 1 |a амперометрическое титрование 
610 1 |a фотометрические методы 
610 1 |a атомная абсорбция 
610 1 |a рентгеновская спектроскопия 
610 1 |a нейтронная активация 
675 |a 552.122  |v 4 
675 |a 549.08  |v 4 
702 1 |a Бельков  |b И. В.  |4 340 
712 0 2 |a Академия наук Грузинской ССР  |b Геологический институт  |2 stltpush  |3 (RuTPU)RU\TPU\col\12806  |9 25530 
801 1 |a RU  |b 63413507  |c 20211004 
801 2 |a RU  |b 63413507  |c 20220728  |g RCR 
942 |c BK